| 000 | 01080cam a2200361 i 4500 | ||
|---|---|---|---|
| 001 | 200462849 | ||
| 003 | TR-AnTOB | ||
| 005 | 20241101092335.0 | ||
| 007 | ta | ||
| 008 | 241101t19941994enka b 001 0 eng | ||
| 010 | _a93-48171 | ||
| 020 |
_a9780201544206 _q(paperback) |
||
| 020 |
_a0201544202 _q(paperback) |
||
| 035 | _a(OCoLC)29669323 | ||
| 035 | _a(TR-AnTOB)200462849 | ||
| 040 |
_aDNLM _beng _erda _cDNLM _dTR-AnTOB |
||
| 041 | 0 | _aeng | |
| 060 | 0 | 4 |
_aQS 604 _bM478 1994 |
| 096 |
_aQS604 _bM478 1994 |
||
| 100 | 1 |
_aMcLachlan, John, _d1952- _eauthor _9147321 |
|
| 245 | 1 | 0 |
_aMedical embryology / _cJohn McLachlan. |
| 264 | 1 |
_aWokingham, Eng. ; _aReading, Mass. : _bAddison-Wesley Pub. Co., _c1994. |
|
| 264 | 4 | _c©1994 | |
| 300 |
_axviii, 398 pages : _billustrations (some color) ; _c24 cm |
||
| 336 |
_atext _btxt _2rdacontent |
||
| 337 |
_aunmediated _bn _2rdamedia |
||
| 338 |
_avolume _bnc _2rdacarrier |
||
| 504 | _aBIBINDX | ||
| 650 | 1 | 2 |
_aEmbryonic Development _981334 |
| 650 | 1 | 2 |
_aFetal Development _981333 |
| 942 |
_2NLM _cBK |
||
| 999 |
_c200462849 _d81061 |
||